000 00724cam a2200253 4500500
005 20260405001604.0
041 _afre
042 _adc
100 1 0 _aLegros, Martin
_eauthor
245 0 0 _aThomas Piketty : « Le passé dévore l’avenir »
260 _c2013.
500 _a91
690 _aCapital
690 _aCapitalisme
690 _aFiscalité
690 _aImpôt
690 _aMartin Legros
690 _aMarx
690 _aRedistribution
690 _aThomas Piketty
690 _aTocqueville
786 0 _nPhilosophie magazine | 74 | 11 | 2013-11-01 | p. 9-10 | 1951-1787
856 4 1 _uhttps://shs.cairn.info/magazine-philosophie-magazine-2013-11-page-9?lang=fr&redirect-ssocas=7080
999 _c2049043
_d2049043